| 000 | 01229cam a2200337 4500 | ||
|---|---|---|---|
| 001 | 4604761 | ||
| 003 | ARRUPE | ||
| 005 | 20140320165411.0 | ||
| 008 | 701012s1970 ctuab b 001 0 eng | ||
| 010 | _a71105994 | ||
| 020 | _a0837133246 | ||
| 035 | _a(OCoLC)ocm00094203 | ||
| 035 | _a(NNC)4604761 | ||
| 040 |
_aDLC _cDLC |
||
| 043 | _af------ | ||
| 050 | 0 | 0 |
_aHV640.5.A3 _bR43 |
| 098 | _aMX11 | ||
| 245 | 0 | 0 |
_aRefugees south of the Sahara; _ban African dilemma. _cEditors: Hugh C. Brooks [and] Yassin El-Ayouty. |
| 260 |
_aWestport, Conn., _bNegro Universities Press _c[1970] |
||
| 300 |
_axviii, 307 p. _billus., maps. _c22 cm. |
||
| 490 | 1 |
_aContributions in Afro-American and African studies ; _vno. 4 |
|
| 500 | _aA collection of papers, originally presented at a St. John's University symposium held November 1967. | ||
| 504 | _aIncludes bibliographical references. | ||
| 650 | 0 |
_aRefugees _zAfrica. _99212 |
|
| 700 | 1 |
_aBrooks, Hugh C., _d1922-, _eeditor. _99213 |
|
| 700 | 1 |
_aEl-Ayouty, Yassin, _d1928-, _eeditor. _99214 |
|
| 710 | 2 |
_aSt. John's University (New York, N.Y.) _99215 |
|
| 830 | 0 |
_aContributions in Afro-American and African studies ; _vno. 4. _99216 |
|
| 942 |
_2lcc _cREFERENCE |
||
| 999 |
_c120239 _d120239 |
||